| 000 | 00371nam a2200157Ia 4500 | ||
|---|---|---|---|
| 008 | 210716s2003 xx 000 0 und d | ||
| 020 | _a8174463453 | ||
| 041 | _aeng | ||
| 082 | _a658.83 GUPS | ||
| 100 | _aGupta, S L. | ||
| 245 | _aMarketing research. | ||
| 250 | _a1 | ||
| 260 |
_aNew Delhi _bExcel Books _c2003 |
||
| 300 | _axvi,599 | ||
| 650 | _aMarketing Research | ||
| 999 |
_c199405 _d199405 |
||